| 000 | 00345nam a2200109Ia 4500 | ||
|---|---|---|---|
| 008 | 200302s9999 xx 000 0 und d | ||
| 100 | _aM.N. Ashish Ganju and Narendra Dengle | ||
| 245 | _aThe Discovery of Architecture A Contemporary Treatise on Ancient Values and Indigenous Reality | ||
| 260 | _bGreha Publication | ||
| 260 | _c2013 | ||
| 300 | _a66 | ||
| 999 |
_c3691 _d3691 |
||